All countries that have a majority of hindus or buddhists - Statistics

General Stats
  • This quiz has been taken 96 times
  • The average score is 10 of 11
Answers on the Map
Answers color-coded by a green-red scale on the quiz's map according to % correct below.
 
Answer Stats
Answer % Correct
India
99%
Sri Lanka
97%
Bhutan
95%
Cambodia
95%
Myanmar
95%
Nepal
95%
Laos
94%
Thailand
94%
Singapore
74%
Mongolia
67%
Mauritius
60%
No matching quizzes found
Score Distribution
Percent of People with Each Score
Percentile by Number Answered
Your Score History
You have not taken this quiz